000 00341nam a22001337a 4500
008 190205b xxu||||| |||| 00| 0 eng d
020 _a9780803633131
041 _aeng
080 _a610
100 _a4
101 _aSHM
245 _aPrioritization, Delegation, & Management of Care for the NCLEX-RN Exam
_cHuttel,R.A.H
942 _2udc
_cBK
999 _c54048
_d54048